[Event "Filippo Vetro Memorial"]
[Site "Agrigento"]
[Date "2014.08.08"]
[Round "5"]
[White "Atalik, Suat"]
[Black "Lalic, Bogdan"]
[Result "1/2-1/2"]
[WhiteElo "2547"]
[BlackElo "2474"]
[Annotator "Atalik,S"]
[PlyCount "107"]
[EventDate "2014.08.06"]
[EventType "swiss"]
[EventRounds "7"]
[EventCountry "ITA"]
[SourceTitle "CBM 163"]
[Source "ChessBase"]
[SourceDate "2014.11.11"]
[SourceVersion "1"]
[SourceVersionDate "2014.11.11"]
[SourceQuality "1"]

1. d4 d5 2. c4 dxc4 {For some reason he always choses QGA against me.} 3. e4
Nf6 4. e5 Nd5 5. Bxc4 Nb6 6. Bd3 Nc6 7. Be3 (7. Ne2 Bg4 (7... Nb4 8. Be4 c6 9.
Nbc3 g6 $16) (7... Be6 8. Nbc3 Bc4 9. Bxc4 Nxc4 10. Qb3 Nb6 11. e6 fxe6 12. O-O
$44) 8. Be3 Qd7 9. Nbc3 O-O-O 10. O-O $5 (10. a4 Nxe5 11. Be4 f5 12. a5 Nbc4
13. Bxb7+ Kxb7 14. Qb3+ Ka8 (14... Kc8 15. dxe5 Nxe3 16. fxe3 Bxe2 (16... Qd2+
17. Kf2 f4 18. Rhd1 Qxe3+ 19. Ke1 Rxd1+ 20. Rxd1 e6 21. a6 Qb6 22. Qxb6 cxb6 $1
23. Nb5 $40) 17. Nxe2 Qd5 18. Qc3 $13) 15. dxe5 Nxe3 16. fxe3 Bxe2 17. Nxe2 Qd5
18. Qxd5+ Rxd5 19. Kf2 {is Radjabov-Ponomariov, Zug 2013 whichs ending I was
not impressed about.}) 10... Nxe5 11. Bb5 $44 {is Moiseenko's idea which is
still obscure to me.}) 7... Be6 $5 {He comes up with an old move.} ({In case of
} 7... Nb4 8. Be4 f5 9. a3 $1 {I would give Kramnik's idea a try.} (9. exf6
exf6 10. a3 (10. Nc3 f5 11. Bb1 (11. Bf3 N4d5) 11... N4d5 12. Nf3 Nxe3 13. fxe3
Bd6 14. O-O O-O 15. e4 c6 $132) 10... N4d5 $1 11. Qh5+ g6 12. Bxg6+ hxg6 13.
Qxh8 Qe7 $44) 9... fxe4 (9... N4d5 10. Bf3) 10. axb4 Bf5 (10... e6 11. Nc3 Bxb4
12. Qh5+ g6 13. Qg4 $40 {Kramnik-Karjakin, Khanty-Mansiysk 2014.} (13. Qh6 $5))
11. Nc3 e6 12. b5 Nc4 13. Qe2 Nxe3 14. fxe3 Bb4 15. Nh3 O-O 16. Nf4 Qh4+ 17.
Qf2 Qxf2+ 18. Kxf2 $13) 8. Nc3 Nb4 9. Nge2 $5 $146 {I simply did not want to
lose time by stepping back.} (9. Be4 c6 10. Nge2 (10. Nf3 $5) 10... N4d5 (10...
Qd7 11. Nf4 $1) 11. O-O Qd7 12. Bb1 $1 g6 13. Ne4 {is usual.}) 9... Nxd3+ 10.
Qxd3 Bc4 11. Qe4 c6 12. b3 Bxe2 13. Kxe2 $5 (13. Nxe2 e6 14. O-O Nd5 $13) 13...
e6 14. Qg4 f5 $5 {This could never cross my mind!} (14... Nd5 15. Rhc1 Qa5 16.
Nxd5 Qxd5 (16... Qb5+ 17. Kf3 Qxd5+ 18. Qe4 $11) 17. Qf3 $11) 15. exf6 Qxf6 16.
Qh5+ Qf7 (16... Kd7 $5 17. g4 $5 $13) 17. Qxf7+ Kxf7 18. Ne4 h6 19. h4 Nd5 20.
Rh3 Be7 21. Rf3+ Kg8 $6 {I could not have understood his timid approach.} (
21... Kg6 22. Rh1 (22. h5+ $2 Kxh5 23. Rg3 g5) 22... Rhf8 23. h5+ Kh7 24. Rxf8
Rxf8 25. Bd2 $11) 22. Nc5 Bxc5 23. dxc5 Re8 24. h5 Re7 25. g4 e5 $1 (25... Kh7
$6 26. g5 hxg5 27. Bxg5 Rd7 28. h6 $1) 26. Rf5 Kh7 $1 27. Rg1 (27. g5 $2 g6)
27... Rd8 28. g5 Nf4+ $1 ({He did not fall in the trap with} 28... g6 $2 29.
Rf6 $1 Nxf6 30. gxf6 Re6 31. hxg6+ Kg8 32. f7+ Kg7 33. Bxh6+ Kxh6 34. g7 $18)
29. Kf3 {Objectively I had to settle for a draw} ({with} 29. Bxf4 exf4+ 30. Kf3
hxg5 31. Rgxg5 Rd2 32. Rxf4 Rxa2 33. b4 $11) 29... hxg5 30. Ke4 $6 (30. Kg4
Nxh5 $1) ({Only} 30. Rgxg5 $1 Ne6 31. Ke2 {could have kept the balance.}) 30...
Rd5 $1 31. b4 Nxh5 $2 ({I have failed to see} 31... Ne2 $1 $17) 32. Rh1 g6 33.
Rxg5 $44 Red7 {Draw offer. Actually he had to stick to waiting tactics in this
phase of the game since my both Rooks were stuck in the Kingside.} (33... Re6
34. b5 $11) (33... a6 34. a4 Re6 35. b5 axb5 36. axb5 Re7 $11) 34. a4 Rd1 $2 {
Quite characteristic for him he lost the patience.} (34... a6 35. b5 axb5 36.
axb5 Re7 $11 (36... cxb5 $2 37. Rxe5 $40)) 35. Rxd1 Rxd1 36. Rxe5 $2 ({I had
to spearhead with my king:} 36. Kxe5 $1 Ng7 $8 (36... Rd5+ $6 37. Ke6 Ng7+ 38.
Kf6 $18) (36... Kg7 37. Rg4 $1 Kf7 38. Rd4 Rxd4 39. Bxd4 Ng7 40. Be3 Nf5 41.
Bg5 $22) 37. Kf6 Ne8+ 38. Ke7 (38. Kf7 Nc7) 38... Ng7) 36... Nf6+ 37. Kf3 Nd5
$2 (37... Kg8 $142 38. Re7 Rd7 39. Rxd7 Nxd7 40. Ke4 Kf7 $11) 38. b5 $2 {
This part of the game was marred by mistakes.} ({It is not clear if I could
win by} 38. Re8 $1 Kg7 39. Rb8 Kf6 40. Rxb7 a6 41. b5 cxb5 42. axb5 axb5 43.
Rxb5 Ke5 $44) 38... Ra1 39. Re8 $5 (39. Re6 Rxa4 40. bxc6 bxc6 41. Rxc6 Nxe3
42. fxe3 (42. Kxe3 Kg7 $11) 42... Kg7 43. e4 g5 $11) 39... Rxa4 40. Rb8 g5 $2
$138 {An unexpected error in mutual time trouble.} (40... cxb5 41. Rxb7+ Kg8
42. Rxb5 Kf7 $11) (40... Nxe3 41. Rxb7+ Kh6 42. Kxe3 (42. bxc6 Nd5 43. Rd7 Rf4+
44. Kg3 Rf5 $11) 42... cxb5 43. Rxb5 Kg7 $11) 41. Rxb7+ Kg6 42. bxc6 g4+ 43.
Kg3 $4 $138 {The king should be in vicinity of the passer to support it.} (43.
Ke2 $1 g3 44. fxg3 Re4 45. Kd3 $1 ({I have only counted on} 45. c7 $2 Rxe3+ 46.
Kd2 Re8 47. Rb8 Nxc7 $11) 45... Rxe3+ 46. Kd4 $18) 43... Nxe3 44. fxe3 Ra5 $1
$11 (44... Ra6 $2 45. c7 $1 Rc6 46. Rb6 $3 $18 {wins like in Duras' studies.})
45. c7 Rxc5 46. Rxa7 (46. Kxg4 a5 47. Kf4 Kf6 48. Ke4 Ke6 49. Kd4 Rc1 $11)
46... Rc4 47. e4 (47. Kh4 Kf5) 47... Kf6 (47... Kg5 $11 {was also good enough.}
) 48. Kf4 Ke6 49. Ra6+ Kd7 50. Rg6 Kxc7 51. Kf5 Kd7 52. Rg7+ Ke8 53. e5 Rc6 54.
Rxg4 1/2-1/2

[Event "Kazan clock sim"]
[Site "Kazan"]
[Date "2013.03.27"]
[Round "1.3"]
[White "Atalik, Suat"]
[Black "Vasilov, Artur"]
[Result "1/2-1/2"]
[WhiteElo "2600"]
[BlackElo "2300"]
[Annotator "Atalik,S"]
[PlyCount "94"]
[EventDate "2013.03.27"]
[EventType "simul"]
[EventRounds "1"]
[EventCountry "RUS"]
[SourceTitle "EXT 2014"]
[Source "ChessBase"]
[SourceDate "2013.11.20"]
[SourceVersion "1"]
[SourceVersionDate "2013.11.20"]
[SourceQuality "1"]

1. d4 d5 2. c4 dxc4 {QGA is always a problem for the first player.} 3. e4 Nf6
4. e5 Nd5 5. Bxc4 Nb6 6. Bb3 $5 {The old line!} Nc6 7. Ne2 Bf5 (7... Bg4 8.
Nbc3 (8. f3 Bf5 9. Nbc3 e6 10. O-O Qd7 11. Be3) 8... e6 9. O-O Qd7 10. h3 Bxe2
11. Nxe2 $14) 8. O-O e6 9. Nbc3 Qd7 10. Be3 Rd8 $5 {I was always intrigued by
this idea to castle Kingside.} (10... O-O-O 11. a3 Kb8 12. Rc1 $13 (12. Qc1)) (
10... Be7 11. Ng3 Bg6 12. f4 Na5 13. d5 Nxb3 14. Qxb3 Bd3 15. Rfd1 Bc4 16. dxe6
Qxe6 17. Qc2 O-O 18. Nf5 $14) 11. Ng3 $1 Bg6 (11... Nxd4 12. Bxd4 Qxd4 13. Qf3
$1 $40 (13. Qxd4 Rxd4 14. Nb5 Rd7 15. Nxf5 exf5 16. e6 fxe6 17. Bxe6 Re7 18.
Bxf5 g6 $15)) 12. Qf3 $6 $146 {What theory recommends could have brought
better positions.} (12. h4 Nxd4 13. Bxd4 Qxd4 14. Qf3 Qxh4 15. Qxb7 Bc5 16.
Qc6+ Nd7 17. Rad1 Bb6 18. Rxd7 Rxd7 19. Rd1 O-O 20. Rxd7 Qxg3 21. Qxb6 Qxc3 22.
bxc3 cxb6 23. Rxa7 $11) (12. Qe2 $142 $1 Na5 13. Bc2 $36) 12... Be7 (12... Na5
13. h4 (13. Nh5 $5)) 13. Rad1 Na5 $1 14. d5 Nxb3 15. Bxb6 $6 (15. dxe6 Qxe6 16.
Rxd8+ Bxd8 17. axb3 c6 18. Qe2 $1 $40) 15... axb6 16. axb3 O-O 17. Qg4 exd5 18.
Qxd7 Rxd7 19. Nxd5 Kh8 20. Nxe7 Rxe7 21. f4 (21. Rd2 f6 $15) 21... Bc2 22. Rc1
(22. Rd2 Bxb3 23. Nf5 Ree8 24. Rc1 Be6 25. Nd4 Re7 26. Nxe6 fxe6 $15) 22...
Bxb3 23. Rf3 Bd5 (23... Be6 $5) 24. Rd3 c6 25. Nf5 Ree8 $1 {Well played!} (
25... Rd7 26. Ne3 Rfd8 27. Rcd1 Be6 28. Rxd7 Rxd7 29. Rxd7 Bxd7 30. Nc4 $16)
26. Nd6 Ra8 $1 27. f5 g6 (27... Ra2 $2 28. Rxd5 cxd5 29. e6 fxe6 30. fxe6 $16)
28. Rxd5 $6 (28. f6 Be6 29. Nxb7 c5 30. Rcd1) 28... cxd5 29. f6 Rae8 $4 {
A bad mistake bringing me back in the game.} (29... Kg8 30. Rc7 Ra2 31. e6 fxe6
32. Rg7+ Kh8 33. Nf7+ Rxf7 34. Rxf7 Kg8 35. Rg7+ Kf8 36. Rxh7 Rxb2 $19) 30.
Nxe8 $2 {For a couple of moves I kept on missing one mover wins.} (30. Rc7 Kg8
(30... h5 31. Re7 $18) 31. Nxe8 Rxe8 32. e6 $18) 30... Rxe8 31. Rc7 Kg8 $2 32.
Rd7 $4 (32. e6 $1 $18) (32. Rxb7 $4 h5 33. Rxb6 Rxe5 $11) 32... h5 $1 33. Rxd5
g5 34. Kf2 $2 (34. e6 Rxe6 35. Rxg5+ Kh7 36. Rxh5+ Kg6 37. Rb5 Rxf6 38. h4 $16
{had better chances.}) 34... Kh7 35. Ke3 Kg6 36. Ke4 Rc8 $1 $11 {Now it is a
draw!} 37. Rd2 Rc5 38. Rf2 Rc6 39. Kd5 Re6 40. b4 b5 41. g3 (41. Re2 Kf5 42.
Kc5 Rc6+ (42... Rxe5+ $4 43. Rxe5+ Kxe5 44. Kxb5) 43. Kxb5 Ke6 $11) 41... g4
42. Re2 Kf5 43. Rf2+ (43. Kc5 Rxe5+ 44. Rxe5+ Kxe5 45. Kxb5 Kxf6 46. Kb6 Ke6 $1
47. Kxb7 f5 48. b5 f4 49. gxf4 h4 50. b6 g3 51. hxg3 hxg3 $11) 43... Kg6 44.
Kd4 Rc6 45. Rf4 Kg5 (45... Rc4+ 46. Ke3) 46. Kd5 Re6 47. Rf2 (47. h4+ gxh3 48.
Rh4 Rc6 49. Rxh3 $11) 47... Kg6 1/2-1/2

[Event "Las Vegas National op"]
[Site "Las Vegas"]
[Date "2011.06.12"]
[Round "5"]
[White "Atalik, Suat"]
[Black "Altounian, Levon"]
[Result "1-0"]
[WhiteElo "2616"]
[BlackElo "2428"]
[Annotator "Atalik,S"]
[PlyCount "85"]
[EventDate "2011.06.10"]
[EventType "swiss"]
[EventRounds "6"]
[EventCountry "USA"]
[SourceTitle "EXT 2013"]
[Source "ChessBase"]
[SourceDate "2012.11.22"]
[SourceVersion "1"]
[SourceVersionDate "2012.11.22"]
[SourceQuality "1"]

1. d4 d5 2. c4 dxc4 {The ever solid QGA.} 3. e4 (3. e3 e6 {Designated against
the Furman's line.} (3... e5 4. Bxc4 exd4 5. exd4 Bd6 6. Nf3 Nf6 7. Qe2+ $5 Qe7
8. Qxe7+ Kxe7 (8... Bxe7 9. O-O O-O 10. Nc3 $14) 9. O-O Be6 10. Re1 Kd7 11.
Ne5+ Bxe5 12. dxe5 Bxc4 13. exf6 gxf6 14. Nc3 $44) (3... Nf6 4. Bxc4 e6 5. Qe2
{The Furman line.} c5 6. dxc5 Bxc5 7. Nf3 a6 8. O-O Nc6 (8... b5 9. Bd3 (9. Rd1
Nbd7 10. Bd3 Bb7 11. a4 b4 12. b3 O-O 13. Bb2 Qc7 14. Nbd2 Nd5 15. Rac1 $14)
9... Nc6) (8... O-O 9. e4 Nc6 (9... b5 10. Bd3 Bb7 11. e5 $16) 10. e5 Nd7 11.
Bf4 Qc7 12. Rd1 b5 13. Bd3 $14) (8... Qc7 9. e4 Ng4 10. e5 Nc6 (10... Nxf2 11.
Nc3 b5 12. Bb3 Ne4+ 13. Kh1 Nxc3 14. bxc3 O-O 15. Bc2 Be7 16. Ng5 Bxg5 17. Bxg5
$40) 11. Bf4 f6 12. Nbd2 Ngxe5 13. Nxe5 fxe5 14. Bg3 O-O 15. Rac1 $44) (8...
Nbd7 9. e4 b5 10. Bd3 Bb7 11. a4 bxa4 12. Nc3 a3 13. bxa3 O-O 14. Bf4 $13) 9.
e4 b5 10. Bb3 Nd4 11. Nxd4 Qxd4 12. Be3 Qxe4 $2 13. Nd2 Qf5 14. g4 Qe5 15. Nf3
Qe4 16. Ng5 Qe5 17. Qf3 Bxe3 18. Qxa8 O-O 19. Nxf7 Qf4 20. fxe3 Qxe3+ 21. Kh1
Qb6 22. Nd6 Qxd6 23. Qg2 $14 Qb6 $140 $2 24. g5 Bb7 25. Bxe6+ Kh8 26. Bd5 $18)
4. Bxc4 c5 5. Nf3 a6 6. O-O Nf6 (6... b5 7. Bd3 Bb7 8. a4 b4 9. Nbd2 Nf6 10.
Nc4 Nbd7 11. Qe2 Be7 12. Rd1 Qc7 13. e4 cxd4 14. e5 Nd5 15. Nxd4 O-O 16. Bd2
Nc5 17. Bc2 g6 18. a5 Rfd8 19. Rac1 Rac8 $13) 7. dxc5 $5 Qxd1 8. Rxd1 Bxc5 9.
Be2 Nbd7 (9... Nc6 10. Nbd2 Ke7 11. b3 Rd8 12. Bb2 b6 13. Ng5 $14) (9... b6 10.
Nbd2 Bb7 11. Nb3 Be7 12. Nfd4 Nbd7 13. f3 Rc8 14. e4 g6 15. Bf1 e5 16. Ne2 Nc5
17. Nxc5 Bxc5+ 18. Kh1 Ke7 (18... Bxe4 $2 19. Bg5 $18) 19. Bd2 Rhd8 20. Bc3 Nd7
21. Nc1 f6 22. Nd3 $11) 10. Nbd2 b6 11. Nc4 Bb7 12. Nd4 O-O 13. Nb3 Be7 14. f3
a5 15. e4 $14) 3... c5 $5 {For a long time I did not meet this move over the
board.} (3... Nc6 4. Nf3 Bg4 5. Bxc4 (5. d5 Ne5 6. Bf4 Ng6 7. Bg3 e5 8. Bxc4 a6
9. Nc3 Bd6 10. Be2 Nf6 11. Nd2 Bd7 12. O-O O-O 13. Nc4 $14) 5... e6 6. d5 exd5
7. Bxd5 Qf6 8. Qb3 Bb4+ 9. Nc3 $14) (3... Nf6 4. e5 Nd5 5. Bxc4 Nb6 6. Bb3 Nc6
7. Ne2 Bf5 8. Nbc3 e6 9. O-O Qd7 10. Be3 O-O-O 11. Rc1 $5 $36) (3... e5 4. Nf3
exd4 5. Bxc4 Nc6 6. O-O Be6 7. Nbd2 $5 {A new move!} Nf6 (7... Bb4 8. Bxe6 fxe6
9. Qb3 Qd7 10. Nc4 O-O-O 11. Nce5 Nxe5 12. Nxe5 Qe7 13. Nd3 Ba5 14. Bf4 $44) (
7... Bxc4 8. Nxc4 Nf6 9. Qb3 $40) 8. e5) 4. d5 e6 (4... Nf6 5. Nc3 b5 6. Bf4
Qa5 (6... Ba6 $2 7. Nf3 b4 8. Bxb8 bxc3 9. Qa4+ Qd7 10. Qxa6 cxb2 11. Rb1 Rxb8
12. Ne5 $18) 7. a4 Nxe4 8. Nge2 Nd6 9. axb5 Qb6 10. Ng3 $14) 5. Nc3 Nf6 (5...
exd5 6. Qxd5 Qxd5 7. Nxd5 Bd6 8. Bxc4 Nc6 9. Ne2 $14) 6. Bxc4 exd5 7. Nxd5 Nxd5
8. Bxd5 Be7 9. Nf3 (9. Ne2 O-O 10. O-O Nd7 11. Nc3 Nb6 12. Bf4 $14) 9... O-O
10. O-O Nd7 (10... Na6 11. Bb3 $5 {is what I have played against GM Gyimesi in
1998 Yugoslav League. The whole scheme is so resemblant to each other I have
had the impression that I was repeating the same line.}) (10... Qb6 $5 11. Be3
Nc6 12. Rc1 Bg4 13. h3 Bh5 14. Bxc6 Bxf3 $1 15. Qxf3 Qxc6 $14 {did not seem to
be enough.}) 11. Bb3 $146 {My trademark!} (11. Qe2 Nf6 (11... Nb6 12. Bb3 Bg4
$132) 12. Bb3 Bg4 $132) 11... Qc7 (11... Nb6 12. Bf4 $1 $14 (12. Qxd8 Rxd8 13.
Ne5 Be6 $11) (12. Ne5 $6 Qc7 (12... Bf6 $2 13. Qxd8 Bxd8 14. Be3) 13. Bf4 $2
Bd6)) 12. Qe2 Bf6 (12... Ne5 13. Bf4 (13. Nxe5 Qxe5 14. Bd5 Be6 15. f4 $14)
13... Bg4 (13... Bd6 14. Bxe5 Bxe5 15. Nxe5 Qxe5 16. f4 $14) 14. Bxe5 Qxe5 15.
Nxe5 Bxe2 16. Rfe1 $14) (12... b6 13. e5) 13. Be3 Re8 (13... b6 $5 14. Bd5 (14.
Rad1 Bb7 15. Ng5 Ne5 16. f4 Bxg5 17. fxg5 c4 18. Bc2 Rad8 19. Bd4 Nd3 20. Qe3
Rfe8 $11) 14... Bb7 15. Rad1 $13) 14. Ng5 Bxg5 $6 {This was the real breaking
point in the game!} (14... Ne5 15. Rac1 (15. f4 Bxg5 16. fxg5 Be6) 15... b6 16.
Bf4 Bxg5 17. Bxg5 Be6 $11) 15. Bxg5 Nf8 16. f3 Be6 (16... Ne6 17. Be3 Nd4 18.
Bxd4 cxd4 19. Rfd1 Rd8 20. Qf2 Qb6 21. Bd5 $16) 17. Ba4 $1 Bd7 18. Bxd7 Qxd7
19. Rfd1 Qc6 20. a4 $1 b6 21. Qc4 Ne6 22. Bh4 $1 (22. Be3 Rad8 23. Rd5 Nc7 $14)
22... a6 23. Bf2 $1 {By some exact moves White has got the upper hand.} (23.
Bg3 b5 (23... Red8 24. Rxd8+ Nxd8 25. Rd1) 24. Qd5 Rac8 25. Qxc6 Rxc6 26. axb5
axb5 27. Rd5 $14) 23... Nf4 $2 {This loses by force.} (23... b5 24. Qd5 Qb6 25.
b4 $16) 24. Be3 Ng6 25. a5 Ne5 26. Qc3 $1 ({There was no need to sac a piece
with} 26. Qd5 $5 Qxd5 27. Rxd5 Nc4 28. axb6 Nxe3 29. Rxc5 Reb8 (29... f5 30.
Rc3 f4 31. b7 Rab8 32. Rc7) 30. Rc6 $44) 26... Qg6 27. Bf4 Nc6 28. axb6 $5 (28.
Rd6 Re6 (28... Nd4 29. Rxg6 Ne2+ 30. Kf2 Nxc3 31. Rc6) 29. Rxe6 Qxe6 30. axb6
Nd4 31. b7 Re8 32. Qd3 $18) 28... Nd4 29. Rxd4 cxd4 30. Qb4 (30. Qxd4 Qc6 (
30... Rad8 31. Qb4 Qc6 32. Rc1) 31. Rc1 Qb5 32. Bc7 $18) 30... Qf6 (30... Qc6
31. Rc1 Qf6 32. Qd6 $1 $18) 31. Bc7 $18 {Now it is exteremely simple though
the only problem was the time.} Qc6 32. Qxd4 Rac8 33. Qc3 Qb5 34. Ra5 Qe2 35.
Rd5 h6 36. h3 Re6 37. b7 Rce8 38. b8=Q $138 (38. Bd8 $1 Rg6 39. g4 $18) 38...
Rxb8 39. Bxb8 Rg6 40. g4 Rb6 41. Qc8+ Kh7 42. Qf5+ Rg6 43. Bg3 {and there is
no prepetual.} (43. Ba7 $18) 1-0